Whole Lotta Red by Playboi Carti - Statistics

General Stats
  • This quiz has been taken 419 times
  • The average score is 16 of 24
Answer Stats
Number Song % Correct
1 Rockstar Made
89%
3 Stop Breathing
85%
19 Sky
82%
2 Go2DaMoon
80%
12 Vamp Anthem
74%
4 Beno!
73%
9 New Tank
72%
21 ILoveUIHateU
71%
20 Over
70%
10 Teen X
70%
6 M3tamorphosis
64%
7 Slay3r
63%
5 JumpOutTheHouse
62%
17 King Vamp
61%
14 Control
59%
13 New N3on
59%
8 No Sl33p
58%
11 Meh
57%
18 Place
57%
16 On That Time
56%
15 Punk Monk
56%
22 Die4Guy
54%
24 F33l Lik3 Dyin
53%
23 Not PLaying
51%
No matching quizzes found
Score Distribution
Percent of People with Each Score
Percentile by Number Answered
Your Score History
You have not taken this quiz